MDQL
is popping MORE tags! Check the
thread
!
Quizzes
Events
Quiz Creation
Community
Videos
Private Events
Remove Ads
Sign In
Join for FREE
Feedback
Dark Mode
Quiz Categories
Sports
Geography
Music
Movies
Television
Just For Fun
Miscellaneous
History
Literature
Language
Science
Gaming
Entertainment
Religion
Holiday
For Kids
Quiz Lab
Recent
Popular Today
Quiz Kudos Today
Editor Picks
Curator Picks
Quizzes by...
Day
Popularity
Type
Ratings
Length
Year
Community
Subscriptions
Recent Discussions
Orange Saloon
Badges
Playlists
Quests
Create
Leaderboards
Showdown
Live 5
Trivia Bingo
Activity
Puzzle Library
Sporcle Events
Private Events
Virtual Trivia
Globe League
Become a Host
Pub Owners
SporcleCon
Opinionation
Our Games
Videos
Blog
Mobile Apps
Partnerships
Remove Ads and Go Orange
Feedback
Movies
Disney
Marvel Cinematic Universe
Movie Resume
Movie Titles
Oscar
Actor
Actress
Director
Pixar
Role
Movie Quotes
Movie Characters
Box Office
Nominee
Best Picture
Star Wars
James Bond
Horror Movies
Movies
Disney
Marvel Cinematic Universe
Movie Resume
Movie Titles
Oscar
Actor
Actress
Director
Pixar
Role
Movie Quotes
Movie Characters
Box Office
Nominee
Best Picture
Star Wars
James Bond
Horror Movies
Random Quiz
Search Sporcle
×
Quiz Lab
Quiz Lab
Movies
Numbers
Type in answers that appear in a list
Type in answers that appear in a list
Classic
Best Score? Go Orange.
Most F Bombs in a Movie Stats
Can you name the Most F Bombs in a Movie?
By
thevelocirapper
7m
24 Questions
307 Plays
307 Plays
307 Plays
Comments
Comments
Give Quiz Kudos
Give Quiz Kudos
-
- Ratings
hide this ad
Replay
Link that replays current quiz
Next Quiz
Link to next quiz in quiz playlist
You Got
0%
They Got
Avg Score
13%
Avg Friend Score
Upgrade to see
Score Distribution
Jump to the score distribution portion of the page
Score
0/24
Timer
07:00
0
Plays Today
Number of F Bombs
Movie
% Correct
265
Pulp Fiction
60.9%
300
Goodfellas
50.2%
237
The Departed
43.3%
398
Casino
33.9%
269
Reservoir Dogs
28.7%
824
F***- A Documentary of the Word
25.1%
260
The Big Lebowski
17.6%
239
The Boondock Saints
14%
248
Jay and Silent Bob Strike Back
10.4%
367
Alpha Dog
6.2%
278
Jarhead
5.5%
435
Summer of Sam
5.2%
Number of F Bombs
Movie
% Correct
428
Nil by Mouth
5.2%
291
Pride and Glory
2.9%
318
Twin Town
2.6%
297
Narc
2.6%
296
Harsh Times
2.3%
291
Another Day in Paradise
2.3%
274
Bully
2.3%
315
Running Scared
2%
291
Made
2%
280
Dirty
2%
271
State Property 2
1.6%
236
Empire
1.6%
Quiz Playlist
Details
Report
Send in Message
Add To Playlist
Classic:
Type in answers that appear in a list
Quiz Source
Last Updated: Feb 16, 2017
Quiz Scoreboard
CHALLENGE
Sign Up to Join the Scoreboard
Show All
Scores
Hide
Comments
May contain spoilers
Recently Published
Two Season TV Shows II
by 123Four
Television
10m
Image Sorting: Flags VI
by Barbecue
Geography
2m
Find the 'City' Movie
by crazypaving
Movies
60s
More to Explore
Quiz From the Vault
Featured Blog Post
14 Easter Pick-up Lines to Find Eggs With
hide this ad
You Might Also Like...
Tags
Numbers Quiz
bomb
Today's Top Quizzes in Movies
Browse Movies
hide this ad
Today's Top Quizzes in Numbers
Browse Numbers
Top Contributed Quizzes in Movies
1
The ultimate James Bond movie quiz
2
Find The 'Big' Movie
3
Find The 'Wild' Movie
4
Find The 'Blue' Movie
5
Movies By Plot
6
Hidden Star Wars Character II
7
Pick 5 Posters: Directed by Spielberg
8
Hidden Star Wars Character III
9
Hidden Star Wars Character IV
10
25 Best Actor Nominees (1990s)
Explore More
Trending Topics
Harry Potter
NBA
Disney
Crossword
Kpop
Anime
Marvel
Song
Soccer
NFL
Country
The Office
Puzzle
WWE
Pokémon
hide this ad
More By:
thevelocirapper
Quiz
Plays
Rating
Category
Featured
Created
Mixed Word: Common Bond VII
46,261
4.18
Just For Fun
Jun 3, 2010
Spoiler Alert: Twist Endings
1,800
4.00
Movies
Jan 2, 2010
Forgetting Sarah Marshall Trivia
1,356
3.11
Movies
Dec 12, 2009
Who Would You Save?
1,251
3.96
Miscellaneous
Dec 31, 2009
TV Show by Dancing Scene (clips)
902
4.67
Television
Feb 17, 2011
Go to Creator's Profile
Score Distribution
Quiz Creator Spotlight
thevelocirapper
Follow
Send a Message
Quizzes Created
-
Created Quiz Play Count
-
More By This Creator
Popular Quizzes Today
1
Find the US States - No Outlines Minefield
2
Colored Red Africa Blitz
3
Find the 'City' Movie
4
5x2 Blitz: Bands
5
The Countries of the World
6
Find the Countries of Europe - No Outlines Minefield
7
Find the US States
8
US States
More Movies Quizzes
Ultimate Tony Stark Nicknames Quiz
Curator's Pick
Trending Quizzes
Colored Red Europe Blitz I
Colored Red Africa Blitz II
Colored Red Europe Blitz II
Colored Red Africa Blitz III
Colored Red Europe Blitz III
Recently Updated
How Do You Spell That?
pecheneg
Godzilla Movies
pecheneg
Grab Bag: 4-10 Letters
pecheneg
2024 March Madness Bracket
pecheneg
Famous TV Couples
Peacemaker
Champions League XIs: Real Madrid
pecheneg
Largest US Cities 1790-2010
pecheneg
Rides in Walt Disney World
pecheneg
Most Oscar Losses (Acting)
pecheneg
Beyoncé Albums
pecheneg
Trending Topics
Disney
Kpop
Anime
Crossword
NBA
Harry Potter
Marvel
NFL
WWE
The Office
Country
Soccer
Pokémon
Song
Puzzle
Your Account Isn't Verified!
In order to create a playlist on Sporcle, you need to verify the email address you used during registration. Go to your
Sporcle Settings
to finish the process.
Report this User
Report this user for behavior that violates our
Community Guidelines
.
Details:
Send Report
Go to the Sporcle.com Mobile Site →
Comments